ბათუმის შოთა რუსთაველის სახელმწიფო უნივერსიტეტის ბიბლიოთეკა

Задачник- практикум по геометрии. Ч. 1. (ბიბ.ჩანაწერი № 47932)

000 -LEADER
fixed length control field 00722nam a2200205Ia 4500
001 - CONTROL NUMBER
control field 14809
003 - CONTROL NUMBER IDENTIFIER
control field GE_BSU
008 - FIXED-LENGTH DATA ELEMENTS--GENERAL INFORMATION
fixed length control field 181216s||||||||xx |||||||||||||| ||und||
040 ## - CATALOGING SOURCE
Transcribing agency GE_BSU
080 ## - UNIVERSAL DECIMAL CLASSIFICATION NUMBER
Universal Decimal Classification number 514.11(076)
100 ## - MAIN ENTRY--PERSONAL NAME
Personal name Аргунов, Б.И.,Демидова,И. Н. Литвиненко,В.Н.
245 ## - TITLE STATEMENT
Title Задачник- практикум по геометрии. Ч. 1.
245 ## - TITLE STATEMENT
Remainder of title Учебное пособие для студ.-заочн. физ-мат.фак-ов пед. ин-тов
260 ## - PUBLICATION, DISTRIBUTION, ETC.
Place of publication, distribution, etc. Москва
260 ## - PUBLICATION, DISTRIBUTION, ETC.
Name of publisher, distributor, etc. Просвещение.
260 ## - PUBLICATION, DISTRIBUTION, ETC.
Date of publication, distribution, etc. 1979
300 ## - PHYSICAL DESCRIPTION
Extent 125стр.20см.
653 ## - INDEX TERM--UNCONTROLLED
Uncontrolled term Задачник- практикум по геометрии. Ч. 1.
942 ## - ADDED ENTRY ELEMENTS (KOHA)
Koha item type წიგნი
ეგზემპლარები
Withdrawn status Lost status Damaged status Not for loan Date acquired Barcode Date last seen Price effective from Koha item type
        2018-12-17 15579 2018-12-17 2018-12-17 წიგნი
        2018-12-17 17705 2018-12-17 2018-12-17 წიგნი